Oslobodenie : k 4.. výročiu oslobodenia /

Hlavní autor: Soukup, Jaroslav
Jazyk: Slovenština
Vydáno: Bratislava : Mladé letá, 1985
Vydání: 2. vyd.
Fyzický popis: Nestr., [16 vol. fot. listů v obalu]
Knihy
Uloženo v:
LEADER 00701nam a2200217 a 4500
001 000422397
003 CZ BrMZK
005 20020926074310.0
007 ta
008 010907s1985 xo f slo d
040 |a BOA001  |b cze 
080 |a 943.7"1945":028  |2 MRF 
100 1 |a Soukup, Jaroslav  |7 jk01120542 
245 1 0 |a Oslobodenie :  |b k 4.. výročiu oslobodenia /  |c Vybral a zost. Jaroslav Soukup 
250 |a 2. vyd. 
260 |a Bratislava :  |b Mladé letá,  |c 1985 
300 |a Nestr., [16 vol. fot. listů v obalu] 
765 0 |t 35. výročí osvobození 
910 |a BOA001  |b 2-0900.538 
990 |a BK 
996 6 |b 2619384462  |c 2-0900.538  |l MZK  |r Sklad / do 1 hodiny  |n 0  |w 000422397  |u 000010  |a 1  |e BOA001  |j MZK50  |s P